000 00500nam a2200193Ia 4500
001 680
003 IN-NITTTR
005 20251114232901.0
008 251113s9999||||xx |||||||||||||| ||eng||
040 _beng
040 _cIN-NITTTR
041 _aeng
082 _a604.2 L838E
100 _aLombardo, Josef Vincent
245 0 _aEngineering drawing. /
_cLombardo, Josef Vincent, Johnson, Lewis O., Short, W. Irwin
700 _a Johnson, Lewis O.
700 _a Short, W. Irwin
942 _2ddc
_cBK
999 _c350
_d350